000 00538nam a22001817a 4500
005 20141105160633.0
010 _aENG-111123
020 _c150.00
_a9789351651765
035 _aEN-94655
037 _bDBAD/PUB
082 _a158.1
100 _aLakhotia, Subhash
245 _aLakshya :
_baim of succesful life /
_cby Subhash Lakhotia
260 _aNew Delhi
_bDiamond Books
_c2014
270 _bNew Delhi
_e110020
_aX-30, Okhla Industrial Area, Phase-II
300 _a152p.
_c22cm(pbk)
942 _2ddc
_cEN
_mLAK
_h158.1
999 _c89791
_d89791